I menší firmy mohou koučinkem hodně získat

Ako uplatniť koučing v stredne veľkej firme. Koho si ako kouča pustiť do firmy. Koučovanie nie je len rozprávanie, spätná väzba.

Guardado en:
Detalles Bibliográficos
Autor principal: Olšanská, Lenka
Formato: Capítulo de libro
Lenguaje:checo
Materias:
Etiquetas: Agregar Etiqueta
Sin Etiquetas, Sea el primero en etiquetar este registro!

MARC

LEADER 00000naa a2200000 4500
001 0174563
005 20231019120307.2
041 0 |a cze 
044 |a CZ 
245 1 0 |a I menší firmy mohou koučinkem hodně získat  |c Lenka Olšanská 
520 |a Ako uplatniť koučing v stredne veľkej firme. Koho si ako kouča pustiť do firmy. Koučovanie nie je len rozprávanie, spätná väzba. 
610 2 0 |a podnik stredný 
610 2 0 |a koučovanie 
100 1 |a Olšanská, Lenka